<?xml version="1.0" encoding="UTF-8"?>
<marc:record xmlns:marc="http://www.loc.gov/MARC21/slim">
   <marc:leader>00000nam a2200000 a 4500</marc:leader>
   <marc:datafield ind1="0" ind2="0" tag="245">
      <marc:subfield code="a">Matthias &amp; Maxime</marc:subfield>
   </marc:datafield>
   <marc:datafield ind1=" " ind2="1" tag="264">
      <marc:subfield code="b">Profun Media</marc:subfield>
      <marc:subfield code="c">2021</marc:subfield>
   </marc:datafield>
   <marc:datafield ind1="1" ind2=" " tag="490">
      <marc:subfield code="a">5</marc:subfield>
   </marc:datafield>
   <marc:datafield ind1="1" ind2=" " tag="520">
      <marc:subfield code="a">Matthias und Maxime sind schon seit ihrer Kindheit beste Freunde und können sich gar nicht vorstellen, plötzlich getrennte Wege zu gehen. Doch das Erwachsenwerden bedeutet Veränderung und so zieht es Maxime für zwei Jahre nach Australien. In den Tagen vor seiner Abreise ziehen die beiden mit ihrer Clique von einer Party zur nächsten. Doch als die kleine Schwester eines ihrer Freunde für einen Kurzfilm noch zwei Schauspieler sucht, werden Matthias und Maxime kurzerhand und nicht ganz freiwillig engagiert. Der Knackpunkt des Ganzen? Die beiden müssen sich vor der Kamera küssen und dies bringt plötzlich alles ins Wanken.</marc:subfield>
   </marc:datafield>
   <marc:datafield ind1=" " ind2=" " tag="020">
      <marc:subfield code="a">4031846012298</marc:subfield>
      <marc:subfield code="9">4031846012298</marc:subfield>
   </marc:datafield>
   <marc:datafield ind1="0" ind2=" " tag="490">
      <marc:subfield code="v">0</marc:subfield>
   </marc:datafield>
   <marc:datafield ind1=" " ind2=" " tag="300">
      <marc:subfield code="a">ca. 116 Min.</marc:subfield>
   </marc:datafield>
</marc:record>
